000 00317nam a2200109Ia 4500
008 171211s9999 xx 000 0 und d
245 _aAbsolute Beginner's Guide to Pregnancy
245 _cJohn Adams and Marta Justak
260 _c2004
650 _xHEALTH
856 _uhttp://down.ebook777.com/014/978-0789732163.pdf
999 _c348407
_d348407